Сопротивление началу пластической деформации в поликристаллах твердых растворов на основе меди; Физика металлов и металловедение; Т. 30, вып. 5

Podrobná bibliografie
Parent link:Физика металлов и металловедение/ Российская академия наук (РАН), Уральское отделение (УрО), Институт физики металлов (ИФМ).— , 1955-.— 0015-3230
Т. 30, вып. 5.— 1970.— С. 1027-1034
Další autoři: Дударев Е. Ф., Панин В. Е. Виктор Евгеньевич, Никитина Н. В., Дикусар Л. Д., Синигина Л. В.
Jazyk:ruština
Vydáno: 1970
Témata:
Médium: MixedMaterials Kapitola
KOHA link:https://koha.lib.tpu.ru/cgi-bin/koha/opac-detail.pl?biblionumber=465209

MARC

LEADER 00000naa2a2200000 4500
001 465209
005 20231101090313.0
035 |a (RuTPU)RU\TPU\prd\129767 
035 |a RU\TPU\prd\129766 
090 |a 465209 
100 |a 20120127a1970 k y0rusy50 ca 
101 0 |a rus 
102 |a RU 
200 1 |a Сопротивление началу пластической деформации в поликристаллах твердых растворов на основе меди  |f Е. Ф. Дударев [и др.] 
461 1 |0 (RuTPU)RU\TPU\prd\406  |x 0015-3230  |t Физика металлов и металловедение  |f Российская академия наук (РАН), Уральское отделение (УрО), Институт физики металлов (ИФМ)  |d 1955- 
463 1 |0 (RuTPU)RU\TPU\prd\110441  |t Т. 30, вып. 5  |v С. 1027-1034  |d 1970 
610 1 |a труды учёных ТПУ 
701 1 |a Дударев  |b Е. Ф. 
701 1 |a Панин  |b В. Е.  |c специалист в области физики и механики деформируемого твердого тела, физического материаловедения  |c доктор физико-математических наук, профессор Томского политехнического университета  |c зав. кафедрой материаловедения в машиностроении  |c директор Российского материаловедческого центра  |c научный руководитель Института физики прочности и материаловедения СО РАН  |f 1930-  |g Виктор Евгеньевич  |2 stltpush  |3 (RuTPU)RU\TPU\pers\12102 
701 1 |a Никитина  |b Н. В. 
701 1 |a Дикусар  |b Л. Д. 
701 1 |a Синигина  |b Л. В. 
801 1 |a RU  |b 63413507  |c 20120127 
801 2 |a RU  |b 63413507  |c 20120127  |g RCR 
942 |c BK